| 000 | 00544nam a2200217 a 4500 | ||
|---|---|---|---|
| 003 | AR-BaBNM | ||
| 005 | 20251128205659.0 | ||
| 008 | 082120s2002 ||||||||||||||000 | spa|| | ||
| 020 | _a950-572-240-0 | ||
| 040 | _cAR-BaBNM | ||
| 100 | 1 | _aLipszyc, Delia | |
| 245 | 0 | 0 | _aDerecho de autor y derechos conexos |
| 260 |
_aBuenos Aires _bUnesco _bCERLALC _bZavalĂa _c1993 |
||
| 300 | _a933 p. | ||
| 650 | 4 | _aDERECHOS DE AUTOR | |
| 650 | 4 | _aMARCAS REGISTRADAS | |
| 650 | 4 | _aPATENTES | |
| 650 | 4 | _aLEGISLACION | |
| 942 | _cBK | ||
| 998 | _claura | ||
| 999 |
_c12371 _d12371 |
||